| 000 | 00598nam a22002177a 4500 | ||
|---|---|---|---|
| 999 |
_c10411 _d10411 |
||
| 001 | 10411 | ||
| 003 | BD-JhCC | ||
| 005 | 20220725134023.0 | ||
| 008 | 180425b20121982ii ||||| |||| 00| 0 eng d | ||
| 035 | _a(BD-JhCC)10411 | ||
| 040 |
_aBD-JhCC _dBD-JhCC |
||
| 041 | _aeng | ||
| 082 |
_a005.113 _bBAL 2012 |
||
| 100 | _aBalagurusamy, E. | ||
| 245 |
_aProgramming In ANSI / _cE. Balagurusamy, |
||
| 260 |
_aNew Delhi : _bTata McGraw hill Education Private Limited, _c2012. |
||
| 300 |
_a558 p. : _bills; _c25 cm. |
||
| 650 | _aC (Computer program language) | ||
| 942 |
_2ddc _cBK _07 |
||